Maḥalahʹhā-yi shahrī dar Īrān /

Saved in:
Bibliographic Details
Main Author: Khāksārī, ʻAlī.
Other Authors: Qurbāniyān, Mahshīd., Shakībāʹmanish, Amīr.
Format: Book
Language:Persian
Published: Tihrān : Pizhūhishgāh-i ʻUlūm-i Insānī va Muṭālaʻāt-i Farhangī, 1385 [2006 or 2007]
Edition:Chāp-i 1.
Subjects:
Tags: Add Tag
No Tags, Be the first to tag this record!
LEADER 00890nam a2200253 a 4500
001 010278564-3
005 20070530204036.0
008 070410s2006 ir a b |000|0|per|d
020 |a 9644263057 
035 0 |a ocn123063368 
050 0 0 |a HT147.I6  |b K43 2007 
100 1 |a Khāksārī, ʻAlī. 
245 1 0 |a Maḥalahʹhā-yi shahrī dar Īrān /  |c taʼlīf-i ʻAlī Khāksārī ; bā hamkārī-i Amīr Shakībāʹmanish va Mahshīd Qurbāniyān. 
246 1 5 |a Urban districts in Iran 
250 |a Chāp-i 1. 
260 |a Tihrān :  |b Pizhūhishgāh-i ʻUlūm-i Insānī va Muṭālaʻāt-i Farhangī,  |c 1385 [2006 or 2007] 
300 |a 10, 172 p. :  |b ill. ;  |c 24 cm. 
504 |a Includes bibliographical references. 
650 0 |a Cities and towns  |z Iran. 
700 1 |a Qurbāniyān, Mahshīd. 
700 1 |a Shakībāʹmanish, Amīr. 
752 |a Iran  |d Tehran. 
988 |a 20070410 
906 |0 MH